Dingbats #5 - Statistics

General Stats
  • This quiz has been taken 171 times
  • The average score is 10 of 24
Answer Stats
Picture Answer % Correct
French kiss
88%
Learning curve
88%
One in a million
83%
Iron curtain
81%
Blood is thicker than water
73%
Two wrongs don't make a right
65%
Jump through hoops
60%
Deepfake
56%
A drop in the ocean
55%
Trump card
49%
Back channel
48%
Have it both ways
42%
Water under the bridge
41%
Beeline
38%
Yard sale
32%
The lion's share
26%
Another day, another dollar
24%
First among equals
17%
Frosty reception
14%
Yes man
14%
Bone of contention
13%
Lost generation
12%
Queer fish
1%
God forbid
0%
No matching quizzes found
Score Distribution
Percent of People with Each Score
Percentile by Number Answered
Your Score History
You have not taken this quiz